San Francisco Giants Leaders - Statistics

General Stats
  • This quiz has been taken 195 times
  • The average score is 11 of 34
Answer Stats
Answer % Correct
Willie Mays
98%
Barry Bonds
97%
Bobby Bonds
95%
Willie McCovey
85%
Buster Posey
83%
Jeff Kent
60%
Will Clark
60%
Jack Clark
59%
Matt Williams
49%
Orlando Cepeda
45%
Kevin Mitchell
42%
Pablo Sandoval
42%
Robby Thompson
32%
Felipe Alou
27%
J.T. Snow
27%
Jesus Alou
26%
Rich Aurilia
23%
Chili Davis
16%
Darrell Evans
13%
Jim Ray Hart
13%
Angel Pagan
11%
Jeffrey Leonard
11%
Gary Matthews
8%
Jim Davenport
8%
Bill Mueller
6%
Chris Speier
6%
Tito Fuentes
6%
Ray Durham
5%
Tom Haller
5%
Pedro Feliz
4%
Randy Winn
4%
Whitey Lockman
4%
Terry Whitfield
2%
Harvey Kuenn
1%
No matching quizzes found
Score Distribution
Percent of People with Each Score
Percentile by Number Answered
Your Score History
You have not taken this quiz